000 00687nam a2200217 a 4500
001 13244
003 BD-JhCC
005 20230731104756.0
008 230622s2013 bg a|||| |||| 000 0 ben d
020 _a9789848881712
035 _a(BD-JhCC)13244
040 _aBD-JhCC
_dBD-JhCC
041 _aben
082 _a891.4435
_bHAQ 2013
100 _aহক, আনিসুল
245 _aপাঁচ পরীর গল্প /
_cআনিসুল হক
260 _aঢাকা :
_bশুভ্র প্রকাশ,
_c২০১৩
300 _a৭৮ পৃ. :
_bরঙিন পৃষ্ঠা;
_c২২ সেমি.
650 _aBengali short story
942 _2ddc
_cBK
_04
999 _c13244
_d13244